Statistics for Just Add Magic Quiz

Click here to take the quiz!

General Stats

  • This quiz has been taken 47 times
  • The average score is 15 of 30

Answer Stats

QuestionAnswer% Correct
What is the name of the girls' best friend who works at Mama P's?Jake
100%
Which sport do the girls play (mainly in season 1)?Basketball
97%
What is the name of the school Hannah moves to in series 3?Fox Canyon Magnet School
74%
What is the name of Hannah's older sister?Hailey
68%
Who plays Kelly in Just Add Magic?Olivia Sanabia
68%
What is the name of the girl who is trapped in the cook book?Rose Peizer
65%
What is the name of the first recipe that the girls cook in season 1 episode 1?Shut 'Em Up Shortcake
65%
What is the name of Darbie's theatre friend?Piper
61%
What is the full name of the boy who the OC's cursed in 1965?Charles Peizer
55%
What is the most powerful magical spice?Morbium
55%
Who plays Darbie in Just Add Magic?Abby Donnelly
52%
What is the name of the recipe that broke all the curses at the end of season 1?Last Ditch Layer Cake
52%
What does Kelly think is her greatest fear when the girls try to find the Traveller?Snakes
52%
What is the name of Darbie's dad's girlfriend who first appears in season 2?Amy
48%
Where do the girls find the cook book in season 1?Kelly's attic
48%
Who plays Hannah in Just Add Magic?Aubrey K. Miller
45%
What does Darbie dress as for halloween? (magic Darbie not pre-magic Darbie)A knight
42%
What item does Darbie accidentally leave behind at Ms Silvers' house when the girls are stealing the night blooming fennel?Her flipflop
42%
What is the name of the bonding spice that the girls create?Parquinnien
42%
What is the name of the fictional town in which the show is set?Saffron Falls
42%
What item is returned to Ms Silvers when the girls make the Lost and Foundu recipe?Silver charm bracelet
42%
What do you always get when cooking with cedronian?A downside
39%
Who is suspected of being the Night Bandit for the majority of season 4?Erin Chua
39%
What does Mama P steal from Jake at the end of season 1?His food bike
39%
What is the name of the school that the girls all attend in season 1?Rockbury Middle School
35%
Who pulled out of the election in season 3, meaning Mrs Quinn won?Adam Lever
32%
What is the name of the restaurant across the street from Mama P's which Nöelle Jasper owns?Saphrön
32%
Where is Mama P on holiday in season 4?The Bahamas
32%
Who is the mayor of the town before Mrs Quinn?Angela Davies
29%
Who plays Jake in Just Add Magic?Judah Bellamy
16%

Score Distribution

Percentile by Number Answered

Percent of People with Each Score

Your Score History

You have not taken this quiz